| 000 | 02426nam a2200433 a 4500 | ||
|---|---|---|---|
| 003 | BLK | ||
| 005 | 20250123102430.0 | ||
| 008 | 180410b bul|||||r ||||||| ||bul|| | ||
| 010 | _aKNG00166632000 | ||
| 040 | _aBLK | ||
| 041 |
_aBUL _cBUL |
||
| 072 | 7 |
_2bullib _aК _xКраезнание |
|
| 072 | 7 |
_2bullib _aЦ _xРедки и ценни |
|
| 080 |
_aКредит. Функции на кредита в националната икономика. Финансов лизинг. Кредитни дружества и банки. Безлихвени заеми и др. _b336.77 _x(497.215) _z336.77(497.215) |
||
| 110 | 1 |
_aШивачно Акционерно спестително д-во Економия. Русе _93088 |
|
| 139 |
_aШивачно Акционерно спестително д-во Економия. Русе _bШ 62 |
||
| 245 | 1 | 0 | _aУстав на Шивачното акционерно спестително дружество "Економия" в гр. Русе |
| 257 | _aBGR | ||
| 260 |
_c1896 _fРусе : скоропеч. на Ст. Ив. Роглев _aРусе |
||
| 300 |
_a15 с. _c20 см |
||
| 380 | _a3 | ||
| 500 | _aС изм. и доп., приети от Извънредното Общо Събрание, държано в гр. Русе на 28 апр. 1896 г., утвърдени с Височайший Указ под № 73 от 21 юни 1896 г. | ||
| 650 | 4 |
_aДружества - България - устави _9321730 |
|
| 650 | 4 |
_aДружества, акционерни - Русе - устави _9334504 |
|
| 651 | 4 |
_aБългария _9241624 |
|
| 651 | 4 |
_aРусе _9179462 |
|
| 653 | _aдружества | ||
| 653 | _aакционерни дружества | ||
| 653 | _aустави | ||
| 659 | _aК | ||
| 659 | _aЦ | ||
| 852 |
_aК 336/Ш 62 _bК |
||
| 856 |
_fУстав на Шивачното акционерно спестително дружество "Економия" _lreg users access _qpdf _xebook _zУстав на Шивачното акционерно спестително дружество "Економия" _uhttp://185.138.176.146:18082/cgi-bin/koha/opac-retrieve-file.pl?id=8c93735d5b478a093e24290fd6ae9acf |
||
| 942 |
_cKNG _n0 _s1 _01 |
||
| 944 |
_aCR _c30.10.2014 _lВаля Йорданова _k30558 |
||
| 944 |
_aED _c2023-05-10 _l2023-05-10 |
||
| 999 |
_c159463 _d159463 |
||
| 999 | _d159463 | ||
| 999 | _d159463 | ||